Yankees 2021 40-Man Roster (8/25/21) - Statistics

General Stats
  • This quiz has been taken 117 times
  • The average score is 29 of 49
Answer Stats
Pos. Name # % Correct
SP Gerrit Cole 45
97%
RF Aaron Judge 99
95%
DH/OF Giancarlo Stanton 27
95%
SS Gleyber Torres 25
95%
RP Aroldis Chapman 54
92%
C Gary Sanchez 24
92%
1B Luke Voit 59
92%
1B Anthony Rizzo 48
89%
3B Gio Urshela 29
89%
OF Brett Gardner 11
86%
2B DJ Lemahieu 26
83%
OF Joey Gallo 13
83%
C Kyle Higashioka 66
80%
SP Jordan Montgomery 47
79%
OF Aaron Hicks 31
77%
UTIL Tyler Wade 14
76%
RP Chad Green 57
73%
3B/OF Miguel Andujar 41
73%
SP Jameson Taillon 50
71%
SP Nestor Cortes Jr. 65
70%
SP Luis Severino 40
68%
OF Clint Frazier 77
65%
SS Andrew Velazquez 71
59%
SP Domingo German 55
59%
RP Albert Abreu 84
58%
RP Jonathan Loaisiga 43
58%
2B/3B Rougned Odor 12
56%
RP Zack Britton 53
56%
RP Clay Holmes 35
55%
SP Luis Gil 81
53%
SP Michael King 73
52%
SP Corey Kluber 28
48%
OF Estevan Florial 90
47%
SP Clarke Schmidt 86
45%
RP Wandy Peralta 58
44%
1B Chris Gittens 92
41%
SP Deivi Garcia 83
41%
RP Joely Rodriguez 30
39%
RP Lucas Leutge 63
39%
SP Andrew Heaney 38
33%
SS Oswald Peraza 91
33%
OF/2B Tim Locastro 33
32%
RP Darren O'Day 56
20%
RP Brooks Kriske 82
17%
OF Jonathan Davis 36
17%
RP Nick Nelson 79
15%
RP Luis Medina 80
9%
SP Yoendrys Gomez 89
9%
RP Brody Koerner 61
6%
No matching quizzes found
Score Distribution
Percent of People with Each Score
Percentile by Number Answered
Your Score History
You have not taken this quiz